MARC

LEADER 00000nam0a2200000 4500
001 270585
005 20231101234347.0
035 |a (RuTPU)RU\TPU\book\293766 
090 |a 270585 
100 |a 20140930d1987 k y0rusy5003 ca 
101 0 |a rus 
102 |a RU 
105 |a a z 000zy 
200 1 |a Эволюция и биоценотические кризисы  |f Академия наук СССР (АН СССР), Палеонтологический институт (ПИН) ; Л. П. Татаринова, А. П. Расницына 
210 |a Москва  |c Наука  |d 1987 
215 |a 160 с.  |c ил. 
606 1 |a Генетика  |2 stltpush  |3 (RuTPU)RU\TPU\subj\5872  |9 33860 
610 1 |a эволюция 
610 1 |a биоценотические кризисы 
610 1 |a биосфера 
610 1 |a эволюционный процесс 
610 1 |a историческое развитие 
610 1 |a ароморфная организация 
610 1 |a прокариот 
675 |a 575  |z rus  |v 4 
702 1 |a Татаринов  |b Л. П.  |4 070 
702 1 |a Расницын  |b А. П.  |4 340 
712 0 2 |a Академия наук СССР (АН СССР)  |b Палеонтологический институт (ПИН)  |c (Москва)  |2 stltpush  |3 (RuTPU)RU\TPU\col\11384 
801 0 |a RU  |b RuMRKP  |c 19950704  |g psbo 
801 1 |a RU  |b 63413507  |c 20140930 
801 2 |a RU  |b 63413507  |c 20161205  |g RCR 
942 |c BK